000 00880nam a2200253Ia 4500
003 OSt
005 20220930071427.0
006 a|||||r|||| 00| 0
007 ta
008 220926b |||||||| |||| 00| 0 eng d
024 _a12577
037 _cTheses
040 _aCRL
_cCRL
_beng
041 _2eng
_aeng
100 _aSircar Maitrayee
_9528426
110 _aUniversity of Delhi. Faculty of Medical Sciences. Department of Obstetrics and Gynaecology
245 0 _aComparative evaluation of inhalational methods and continuous epidural technique for obstetrical analgesia
260 _c1968
650 _aWOMEN - DISEASES
700 _a Supervisor : Dr A Dass
_9528427
700 _aUniversity of Delhi. Faculty of Medical Sciences. Department of Obstetrics and Gynaecology
942 _cDIS
_2CC
999 _c862315
_d862315